| 000 | 01011nam a22002415i 4500 | ||
|---|---|---|---|
| 001 | 155565 | ||
| 003 | ES-MaACL | ||
| 005 | 20260616130212.0 | ||
| 008 | 040728s1796 fr |||| | fre d | ||
| 040 |
_aCAM _bspa _cCAM |
||
| 100 | 0 |
_aHomero _964112 |
|
| 245 | 1 | 2 |
_aL'Odyssée d'Homere _b: ; avec des remarques / _cprécédée de réflexions sur l'Odyssée & sur la traduction des poëtes par M. Bitaubé ...; tome IV. |
| 250 | _aTroisieme edition à laquelle on a joint les notes de M. Mentelle qui rapprochent la géographie ancienne des noms modernes. | ||
| 260 |
_aA Lyon : _bchez Bruyset ainé & c\pe\s, _c1796. |
||
| 300 |
_a[4], 268 p. ; _c12º. |
||
| 594 | _aMención de ed. precede a la de parte. | ||
| 594 | _aTit. de la antep.: "Oeuvres d'Homere, tome X" | ||
| 597 | _aSign.: []\p2\s, A-O\p12/6\s, P\p8\s. | ||
| 597 | _aPort. con viñeta xil. | ||
| 700 | 1 | 1 |
_aBitaubé, Paul Jeremie. _9222431 |
| 852 |
_aES-MaACL _jR-1677-88 _z-- Enc. pasta española _xOlim: F-625-36 |
||
| 999 |
_c155565 _d155565 |
||